[Event "Budapest Statistika"]
[Site "Budapest"]
[Date "1994.??.??"]
[Round "1"]
[White "Lorincz, Istvan"]
[Black "Pal, Geza"]
[Result "1-0"]
[WhiteElo "2370"]
[BlackElo "2230"]

1.d4 Nf6 2.Nf3 e6 3.c4 b6 4.a3 Be7 5.Nc3 Bb7 6.d5 O-O 7.e4 d6 8.Be2 a5 9.Nd4 c5
10.Nc2 Re8 11.O-O Bf8 12.Bg5 Nbd7 13.Ne3 Be7 14.dxe6 fxe6 15.Qc2 Ng4 16.Bf4 Nxe3
17.Bxe3 Ne5 18.Rad1 Qb8 19.f4 Nc6 20.Nb5 Na7 21.Bd3 Nxb5 22.cxb5 h6 23.f5 exf5
24.Rxf5 Bf6 25.Rdf1 Qd8 26.Rxf6 gxf6 27.Bxh6 f5 28.Qc3 Re5 29.exf5 Qh4 30.Bf4 Rae8
31.Bxe5 dxe5 32.Qc4+ Qxc4 33.Bxc4+ Kf8 34.Rd1 Ke7 35.Be6 Bc8 36.Bxc8 Rxc8
37.Kf2 c4 38.Rd5 Kf6 39.Rd6+ Kxf5 40.Rxb6 c3 41.bxc3 Rxc3 42.Rb8 Rxa3 43.b6 Rb3
44.g4+ Kg6 45.h4 a4 46.h5+  1-0

[Event "Budapest Spring op"]
[Site "Budapest"]
[Date "1994.??.??"]
[Round "4"]
[White "Zimmerman, Yuri"]
[Black "Leroy, Adrien"]
[Result "1-0"]
[WhiteElo "2345"]
[BlackElo "2340"]

1.d4 Nf6 2.c4 e6 3.Nf3 b6 4.a3 Ba6 5.Qb3 d5 6.cxd5 Qxd5 7.Qxd5 exd5 8.Nc3 Bd6
9.g3 Nbd7 10.Bf4 Ke7 11.Ne5 Bb7 12.Bg2 h6 13.Rc1 c6 14.Nd3 a5 15.Na4 g5 16.Bxd6+ Kxd6
17.f4 Kc7 18.Ne5 gxf4 19.gxf4 Rhg8 20.Nxd7 Nxd7 21.Bh3 Nf6 22.Nc3 Kd6 23.Kf2 Bc8
24.Bxc8 Raxc8 25.h3 c5 26.dxc5+ bxc5 27.Rhd1 Ke6 28.e3 Rb8 29.Rc2 Rb3 30.Kf3 c4
31.Ne2 Ne4 32.Rxc4 dxc4 33.Nd4+ Ke7 34.Nxb3 cxb3 35.Kxe4 Rg2 36.Rd5 a4 37.Rd4 Rxb2
38.Rxa4 Rh2 39.Ra7+ Ke6 40.Ra6+ Kd7 41.Rb6 b2 42.a4 Kc7 43.a5 Rc2 44.Rb3 Rc5
45.a6 Ra5 46.Rxb2 Rxa6 47.Rd2 Rg6 48.Kf3 Rg1 49.Rd5 Rh1 50.Rh5  1-0

[Event "Budapest FS02 GM"]
[Site "Budapest"]
[Date "1994.??.??"]
[Round "4"]
[White "Wells, Peter K"]
[Black "Kalesis, Nikolaos"]
[Result "1/2-1/2"]
[WhiteElo "2490"]
[BlackElo "2415"]

1.d4 Nf6 2.c4 e6 3.Nf3 b6 4.a3 Ba6 5.Qb3 d5 6.cxd5 exd5 7.Bg5 Be7 8.Nc3 c6
9.Bxf6 Bxf6 10.e4 dxe4 11.Nxe4 Bxf1 12.Rxf1 O-O 13.O-O-O Nd7 14.Ne5 Bxe5
15.dxe5 Qe7 16.f4 Nc5 17.Nxc5 Qxc5+ 18.Kb1 Rad8 19.Rc1 Qb5 20.Qxb5 cxb5 21.Rfd1 h5
22.Rd6 Rxd6 23.exd6 Rd8 24.Rc6 f5 25.Kc2 Kf7 26.Rc7+ Kf6 27.d7 Ke6 28.Rxa7 Kd6
29.Kc3 Kc5 30.g3 Kd5 31.Rc7 Kd6 32.Rb7 Kc6 33.Ra7 Kc5 34.Kb3 Kd5 35.Kb4 Kc6
36.b3 g6 37.Kc3 h4 38.gxh4 Rxd7 39.Rxd7 Kxd7 40.Kb4 Kc6 41.h3 Kd5 42.Kxb5 Ke4
43.Kxb6 Kxf4 44.a4 Kg3 45.a5 f4 46.a6 f3 47.a7 f2 48.a8=Q f1=Q 49.Qe4 Qf6+
50.Kc5 Kxh3 51.b4 Qf8+ 52.Kc4 Qc8+ 53.Kb3 Qa6 54.Qc4 Qd6 55.b5 Qd1+ 56.Kb4 Qd6+
57.Ka5 Qa3+ 58.Kb6 Qd6+ 59.Kb7 Qe7+ 60.Qc7 Qe4+ 61.Qc6 Qe7+ 62.Kc8 Qf8+ 63.Kc7 Qf4+
64.Kb7 Qf7+ 65.Kb8 Kxh4 66.Qe4+ Kh3 67.b6 Qf8+ 68.Ka7 Qa3+ 69.Kb7 g5 70.Qh7+ Kg2
71.Qc2+ Kh3 72.Kb8 g4 73.b7 g3 74.Qh7+ Kg2  1/2-1/2

[Event "Budapest FS06 GM"]
[Site "Budapest"]
[Date "1994.??.??"]
[Round "5"]
[White "Wells, Peter K"]
[Black "Farago, Ivan"]
[Result "1/2-1/2"]
[WhiteElo "2490"]
[BlackElo "2515"]

1.d4 Nf6 2.c4 e6 3.Nf3 b6 4.a3 Ba6 5.Qb3 d5 6.cxd5 Qxd5 7.Qc2 c5 8.Nc3 Qd7
9.Bg5 cxd4 10.Rd1 Nc6 11.Bxf6 gxf6 12.Qa4 Bb7 13.e3 a6 14.exd4 Bg7 15.d5 Ne5
16.Nxe5 fxe5 17.dxe6 Qxa4 18.Nxa4 fxe6 19.Nxb6 Rb8 20.Be2 Bc6 21.Nc4 Ke7
22.b4 Rhc8 23.Na5 Ba4 24.Bxa6 Rc7 25.Rb1 Bc2 26.Rc1 e4 27.O-O Bb2 28.Rxc2 Rxc2
29.Bb7 Kf6 30.Bxe4 Rc3 31.f4 Bxa3  1/2-1/2

[Event "Budapest Spring op"]
[Site "Budapest"]
[Date "1994.??.??"]
[Round "6"]
[White "Zimmerman, Yuri"]
[Black "Tolnai, Tibor"]
[Result "1/2-1/2"]
[WhiteElo "2345"]
[BlackElo "2540"]

1.d4 Nf6 2.c4 e6 3.Nf3 b6 4.a3 Bb7 5.Nc3 Ne4 6.Nxe4 Bxe4 7.Nd2 Bb7 8.e4 Qf6
9.d5 c6 10.Nf3 cxd5 11.cxd5 exd5 12.exd5 Bd6 13.Bc4 O-O 14.O-O h6 15.Qd3 Qg6
16.Qxg6 fxg6 17.Be3 Na6 18.b4 Rac8 19.Rac1 Nc7 20.Rfd1 g5 21.Nd4 Kh8 22.Nb5 Nxb5
23.Bxb5 Rxc1 24.Bxc1 Rf5 25.Bxd7 Rxd5 26.Rxd5 Bxd5 27.Bb2 Kg8 28.h3 Kf7 29.Bb5 g6
30.f3 Bg3 31.Kf1 h5 32.Bd3 Be6 33.Bd4 Bf5 34.Bxf5 gxf5 35.Ke2 Ke6 36.Kd3 Kd5
37.b5 g4 38.hxg4 hxg4 39.a4 Bd6  1/2-1/2

[Event "Papp Bela mem"]
[Site "Budapest"]
[Date "1994.??.??"]
[Round "6"]
[White "Csiszar, Csaba"]
[Black "Sleisz, Tamas"]
[Result "0-1"]
[WhiteElo "2340"]
[BlackElo "2290"]

1.d4 Nf6 2.c4 e6 3.Nf3 b6 4.a3 Be7 5.d5 Ba6 6.e3 exd5 7.cxd5 Bxf1 8.Kxf1 O-O
9.Nc3 Re8 10.Qd3 d6 11.Nd4 Nbd7 12.b4 a5 13.Rb1 axb4 14.axb4 Ne5 15.Qe2 Qd7
16.f4 c5 17.Nc2 Ng6 18.g3 Bd8 19.Kg2 Qf5 20.Rd1 Ne4 21.Nb5 Bf6 22.Nca3 Qd7
23.Rb3 Ne7 24.Kg1 g6 25.Qf3 Nf5 26.Bd2 c4  0-1

[Event "Papp Bela mem"]
[Site "Budapest"]
[Date "1994.??.??"]
[Round "8"]
[White "Csiszar, Csaba"]
[Black "Bako, Viktor"]
[Result "1-0"]
[WhiteElo "2340"]
[BlackElo "2235"]

1.d4 Nf6 2.c4 e6 3.Nf3 b6 4.a3 Bb7 5.Nc3 d5 6.Bg5 Be7 7.e3 O-O 8.Rc1 h6 9.Bh4 Nbd7
10.Bd3 c5 11.O-O Ne4 12.Bg3 Nxg3 13.hxg3 Bf6 14.cxd5 exd5 15.Bf5 g6 16.Bb1 c4
17.Nd2 b5 18.Qf3 Bg7 19.Nxb5 Qb6 20.a4 Bc6 21.Nc3 Nf6 22.Ba2 Rfc8 23.b3 Qb4
24.bxc4 dxc4 25.Qe2 Bxa4 26.Nxa4 Qxa4 27.Bxc4 Qd7 28.Qd3 Nd5 29.Ne4 Nb6 30.Nc5 Qd6
31.Ba2 Kf8 32.Qe4 Re8 33.Qg4 Re7 34.Rc2 Nd5 35.Qf3 Nb4 36.Qxa8+ Re8 37.Qf3  1-0

[Event "Buenos Aires PRENAJ"]
[Site "Buenos Aires"]
[Date "1994.??.??"]
[Round "3"]
[White "Adla, Diego"]
[Black "Diaz, Nahuel"]
[Result "1-0"]
[WhiteElo "2415"]
[BlackElo "2315"]

1.d4 Nf6 2.c4 e6 3.Nf3 b6 4.a3 Ba6 5.Qc2 Bb7 6.Nc3 c5 7.e4 cxd4 8.Nxd4 Bc5
9.Nb3 Nc6 10.Bf4 O-O 11.O-O-O Be7 12.Be2 Ne8 13.Kb1 d6 14.h4 Qc8 15.Bg5 a6
16.Rh3 Ra7 17.Rhd3 Ba8 18.Bxe7 Nxe7 19.f4 Rc7 20.R3d2 Qb8 21.Qd3 Nf6 22.Bf3 Rfc8
23.e5 dxe5 24.fxe5 Ne8 25.Bxa8 Qxa8 26.Ne4 Ng6 27.Ng5 Rxc4 28.h5 Nf8 29.Qf1 R4c7
30.Rd7 f6 31.R7d2 fxg5 32.Rf2 Nf6 33.exf6 gxf6 34.Rxf6 Qe4+ 35.Ka2 Qc4 36.Qf3 a5
37.Rf1 Nd7 38.Rc1 Qxc1 39.Nxc1 Nxf6 40.Qxf6 Rxc1 41.Qxg5+ Kf7 42.Qf4+ Kg8
43.Qg4+ Kf7 44.Qf3+ Kg8 45.Qg3+ Kf8 46.Qf4+ Kg8 47.Qg5+ Kf8 48.Qf6+ Kg8 49.Qxe6+ Kf8
50.Qxb6 R1c5 51.Qf6+ Kg8 52.g4 R5c6 53.Qg5+ Kf7 54.Qf5+ Kg8 55.g5 a4 56.Qd5+ Kf8
57.Qd4 Kg8 58.Qxa4 Rc5 59.Qd7  1-0

[Event "Bytom op"]
[Site "Bytom"]
[Date "1994.??.??"]
[Round "?"]
[White "Ulak, Slawomir"]
[Black "Kempa, Stefan"]
[Result "1-0"]
[WhiteElo "2255"]
[BlackElo "2105"]

1.d4 Nf6 2.Nf3 e6 3.c4 b6 4.a3 Bb7 5.Nc3 d5 6.cxd5 exd5 7.Bf4 a6 8.e3 Nbd7
9.Bd3 Be7 10.Qc2 Nf8 11.Ne5 Ne6 12.Qa4+ Kf8 13.Bg3 b5 14.Qd1 c5 15.Bf5 c4
16.Bxe6 fxe6 17.Bh4 Qe8 18.O-O g6 19.Qf3 Kg7 20.Qh3 Bd8 21.Ne2 a5 22.Nf4 Ra6
23.Bg5 h6 24.Bxf6+ Bxf6 25.Nfxg6 Rg8 26.Nf4 Kh7 27.Nh5 Bh8 28.f4 Bc8 29.g4 Ra7
30.g5 Rg6 31.Nxg6 Qxg6 32.Ng3 Bg7 33.Qh5 Bf8 34.Qxg6+ Kxg6 35.h4 h5 36.f5+ exf5
37.Ne2 Bd6 38.Nf4+ Kf7 39.Nxh5 Re7 40.Kf2 Re4 41.Nf6 Rxh4 42.Rh1 Rxh1 43.Rxh1 Kg6
44.Nh7 b4 45.axb4 Bxb4 46.Rh6+ Kg7 47.Nf6 Be6 48.Nh5+ Kf7 49.Nf4  1-0

[Event "ESP-chT"]
[Site "Cala Galdana"]
[Date "1994.??.??"]
[Round "?"]
[White "Garcia Ilundain, David"]
[Black "Villavicencio, Adalberto"]
[Result "1-0"]
[WhiteElo "2475"]
[BlackElo "2360"]

1.Nf3 Nf6 2.c4 e6 3.d4 b6 4.a3 Bb7 5.Nc3 d5 6.Qc2 Be7 7.cxd5 exd5 8.Bg5 O-O
9.e3 c5 10.Bd3 Nbd7 11.O-O Re8 12.Rad1 c4 13.Bf5 g6 14.Bh3 a6 15.Ne5 Nf8
16.f4 N6d7 17.Bh6 b5 18.Qf2 f5 19.Bxf5 Nxe5 20.fxe5  1-0

[Event "Calcutta op"]
[Site "Calcutta"]
[Date "1994.??.??"]
[Round "7"]
[White "Babu, N Sudhakar"]
[Black "Ramesh, RB."]
[Result "1/2-1/2"]
[WhiteElo "2350"]
[BlackElo "2265"]

1.d4 e6 2.c4 Nf6 3.Nf3 b6 4.a3 Bb7 5.Nc3 d5 6.Qa4+ c6 7.cxd5 exd5 8.g3 Bd6
9.Bg2 O-O 10.O-O h6 11.Ne5 c5 12.e3 Ne4 13.Rd1 Nxc3 14.bxc3 Qe7 15.f4 Bxe5
16.dxe5 Rd8 17.e4 dxe4 18.Be3 Rd3 19.Rxd3 exd3 20.Bxb7 Qxb7 21.Qc4 Nc6 22.Rd1 Rd8
23.Rxd3 Qe7 24.Rd5 Rxd5 25.Qxd5 Qe6 26.Qxe6 fxe6 27.Kf2 Kf7 28.Ke2 Ne7 29.c4 Ke8
30.g4 Kd7 31.Kd3 g6 32.Bf2 Nc6 33.h3 h5 34.a4  1/2-1/2

[Event "Cap d'Agde op"]
[Site "Cap d'Agde"]
[Date "1994.??.??"]
[Round "?"]
[White "Tregubov, Pavel V"]
[Black "Akesson, Ralf"]
[Result "1/2-1/2"]
[WhiteElo "2545"]
[BlackElo "2460"]

1.d4 Nf6 2.Nf3 e6 3.c4 b6 4.a3 Bb7 5.Nc3 d5 6.cxd5 Nxd5 7.Bd2 Be7 8.Qc2 O-O
9.e4 Nxc3 10.Bxc3 Nd7 11.O-O-O c6 12.h4 b5 13.Kb1 a5 14.d5 cxd5 15.Ng5 dxe4
16.Bxb5 Bd5 17.Nxe4 Qc7 18.Ng5 Nf6 19.Rd4 Rfc8 20.Rh3 Qb6 21.Qd3 h6 22.Nxf7 Kxf7
23.Rg3 Bf8 24.Rf4 Rxc3 25.bxc3 Be4 26.Qxe4 Qxb5+ 27.Ka2 Rb8 28.Qc2 Qe5 29.Rff3 Kg8
30.Re3 Qf4 31.c4 Rc8 32.Rgf3 Qxh4 33.g3 Qd4 34.Rf4 Qb6 35.Rb3 Qc5 36.Qe2 e5
37.Rf5 a4 38.Rc3 Nd5 39.Rcf3 Nf6 40.Rxe5 Qxc4+ 41.Qxc4+ Rxc4 42.Kb1 Bc5 43.Re2 Bd6
44.Rd3 Bf8 45.Rc2 Re4 46.f3 Re1+ 47.Rc1 Rxc1+ 48.Kxc1 Kf7 49.Rd4 Bxa3+ 50.Kd1 Bc5
51.Rxa4 Bf2 52.g4 Nd5 53.Ra5 Ke6 54.Ra8 Nf4 55.Rf8 Bg3 56.Kd2 Ke7 57.Rf5 g6
58.Ra5 Kf6 59.Ke3 Ke6 60.Ke4 Kf6 61.Rc5 Ne6 62.Ra5 Ng5+  1/2-1/2

[Event "Capablanca mem-B"]
[Site "?"]
[Date "1994.??.??"]
[Round "6"]
[White "Elissalt Cardenas, Hector"]
[Black "Rodriguez, Amador"]
[Result "1/2-1/2"]
[WhiteElo "2415"]
[BlackElo "2470"]

1.d4 Nf6 2.c4 e6 3.Nf3 b6 4.a3 c5 5.dxc5 bxc5 6.Bf4 Be7 7.Nc3 O-O 8.e3 Bb7
9.Be2 d6 10.h3 Qb6 11.Qc2 Nc6 12.O-O Rfd8 13.Rfd1 h6 14.Rd2 Rac8 15.Nh2 Na5
16.Re1 Qc6 17.Bf3 Qb6 18.Be2 Qc6 19.Bf3 Qb6 20.Be2  1/2-1/2

[Event "Casablanca"]
[Site "Casablanca"]
[Date "1994.??.??"]
[Round "3"]
[White "Kaabi, Mejdi"]
[Black "Bennis, Zakaria"]
[Result "1-0"]
[WhiteElo "2340"]
[BlackElo "2305"]

1.d4 Nf6 2.Nf3 e6 3.c4 b6 4.a3 Bb7 5.Nc3 d5 6.cxd5 exd5 7.g3 Be7 8.Qa4+ c6
9.Bg2 O-O 10.O-O Nbd7 11.Bf4 a5 12.Rfd1 b5 13.Qc2 b4 14.Na4 Nh5 15.Bd2 f5
16.axb4 axb4 17.Nc5 Nxc5 18.dxc5 b3 19.Qxb3 Ba6 20.Nd4 Bxc5 21.Nxc6 Qd6 22.Qxd5+ Qxd5
23.Bxd5+ Kh8 24.b4 Bb6 25.Ne5 Ra7 26.Nf7+ Raxf7 27.Bxf7 Bxe2 28.Re1 Bf3 29.Bc3  1-0

[Event "Copenhagen op16"]
[Site "Copenhagen"]
[Date "1994.??.??"]
[Round "5"]
[White "Antreasyan, Erol"]
[Black "Fries Nielsen, Jens Ove"]
[Result "0-1"]
[WhiteElo "1900"]
[BlackElo "2395"]

1.d4 Nf6 2.c4 e6 3.Nf3 b6 4.a3 Bb7 5.Nc3 Bxf3 6.exf3 Be7 7.Be3 O-O 8.Be2 d5
9.Rc1 c6 10.O-O Ne8 11.cxd5 exd5 12.Rc2 Nd6 13.Na2 a5 14.Nc1 Nf5 15.Qd2 Bf6
16.Re1 Re8 17.b4 axb4 18.axb4 b5 19.Bf1 h6 20.Nb3 Ra3 21.Nc5 Ra7 22.Rcc1 Rae7
23.Nb3 g6 24.Bd3 Nxe3 25.fxe3 Qd6 26.g3 Nd7 27.Na5 Nb8 28.Nb3 Na6 29.Nc5 Nxc5
30.dxc5 Qd7 31.Bf1 Qf5 32.Kg2 Ra7 33.Bd3 Qd7 34.Rc2 Ra3 35.Rb1 Rd8 36.Ra2 Rda8
37.Rxa3 Rxa3 38.Rc1 Kg7 39.Rc2 Rb3 40.Ra2 Qe6 41.Rc2 Bg5 42.f4 Bf6 43.Rc1 Bb2
44.Rc2 Ba3 45.Ra2 Bxb4 46.Qc2 Rc3 47.Qb2 d4 48.exd4 Qd5+ 49.Kh3 Rxd3 50.Qxb4  0-1

[Event "Cordoba op"]
[Site "Cordoba"]
[Date "1994.??.??"]
[Round "?"]
[White "Matamoros Franco, Carlos S"]
[Black "Komarov, Dimitri"]
[Result "0-1"]
[WhiteElo "2415"]
[BlackElo "2565"]

1.d4 Nf6 2.c4 e6 3.Nf3 b6 4.a3 Bb7 5.Nc3 d5 6.cxd5 Nxd5 7.Bd2 Nd7 8.Qc2 N5f6
9.e4 c5 10.d5 exd5 11.e5 Ne4 12.Nxe4 dxe4 13.Ng5 Be7 14.e6 Bxg5 15.exd7+ Kxd7
16.Rd1 Kc8 17.Bc3 Qe7 18.Be2 Rd8 19.Rxd8+ Kxd8 20.O-O Kc7 21.b4 Bc6 22.Qb3 Rd8
23.bxc5 Qxc5 24.Qxf7+ Rd7 25.Qb3 a5 26.Qb2 Kb7 27.Rb1 Bh4 28.g3  0-1

[Event "Corsico op"]
[Site "Corsico"]
[Date "1994.??.??"]
[Round "?"]
[White "Contini, Luca"]
[Black "Valenti, Giuseppe"]
[Result "1-0"]
[WhiteElo "2320"]
[BlackElo "2245"]

1.d4 Nf6 2.c4 e6 3.Nf3 b6 4.a3 Bb7 5.Nc3 d5 6.cxd5 Nxd5 7.Qc2 Nd7 8.Nxd5 exd5
9.Bg5 Be7 10.Bxe7 Kxe7 11.g3 Rc8 12.Bh3 c5 13.Qd2 h6 14.O-O Rc7 15.Rac1 Re8
16.dxc5 Nxc5 17.b4 Ne4 18.Qf4 Rxc1 19.Rxc1 Kf8 20.Qc7 Qxc7 21.Rxc7 Re7 22.Rc2 Nd6
23.Nd4 Ne8 24.Bc8 Nd6 25.Bxb7 Rxb7 26.a4 g6 27.b5 Ke7 28.Nc6+ Kf6 29.e3 Ne4
30.f3 Nc5 31.a5 Ne6 32.a6 Rc7 33.Rd2 Rd7 34.e4 Nc7 35.Nxa7 Nxa6 36.Nc8 Nc7
37.Nxb6 Rd6 38.Nxd5+ Kg7 39.Rb2  1-0

[Event "Djakovo op"]
[Site "Djakovo"]
[Date "1994.??.??"]
[Round "2"]
[White "Cebalo, Miso"]
[Black "Macanga, Branko"]
[Result "1-0"]
[WhiteElo "2520"]
[BlackElo "2250"]

1.d4 Nf6 2.Nf3 b6 3.c4 e6 4.a3 Bb7 5.Nc3 d5 6.cxd5 exd5 7.Qa4+ c6 8.Bg5 Be7
9.e3 O-O 10.Bd3 Nbd7 11.Rd1 b5 12.Qc2 h6 13.Bh4 a5 14.O-O Re8 15.Rfe1 b4
16.axb4 axb4 17.Na4 Ne4 18.Bxe7 Qxe7 19.Nd2 c5 20.Nxe4 c4 21.Nec5 b3 22.Qd2 Bc6
23.Nxd7 cxd3 24.Ndb6 Rxa4 25.Nxa4 Bxa4 26.Qxd3 Qb4 27.Rc1 Bb5 28.Qc3 Qxc3
29.Rxc3 Bc4 30.Ra1 f5 31.f3 g5 32.Kf2 Kf7 33.Ra4 Kg6 34.Raxc4 dxc4 35.Rxc4 Rb8
36.Rc6+ Kf7 37.Ke2 h5 38.e4 Rb4 39.Kd3 f4 40.e5 Ra4 41.h4 gxh4 42.Rf6+ Ke7
43.Rxf4 Ra1 44.Kc3 Rg1 45.Rxh4 Rxg2 46.Rxh5 Re2 47.Kxb3  1-0

[Event "Dresden op"]
[Site "Dresden"]
[Date "1994.??.??"]
[Round "?"]
[White "Gabriel, Christian"]
[Black "Hellsten, Johan"]
[Result "1/2-1/2"]
[WhiteElo "2545"]
[BlackElo "2380"]

1.d4 Nf6 2.c4 e6 3.Nf3 b6 4.a3 Ba6 5.Qc2 Bb7 6.Nc3 c5 7.e4 cxd4 8.Nxd4 Bc5
9.Nb3 Nc6 10.Bf4 e5 11.Bg5 h6 12.Bh4 O-O 13.O-O-O d6 14.f3 a5 15.Nb5 Qe7
16.Nc3 Nd4 17.Nxd4 Bxd4 18.Kb1 Bc6 19.g4 Bxc3 20.Qxc3 Qe6 21.Rg1 Rfb8 22.g5 hxg5
23.Bxg5 Ne8 24.Rg3 b5 25.cxb5 Bxb5 26.Bh3 Qc4 27.Qxc4 Bxc4 28.Bd7 Kf8 29.Bd2 Ra7
30.Ba4 f6 31.Bc3 Rb6 32.Rh3 Nc7 33.Rh8+ Kf7 34.Rg1 Nb5 35.Bxb5 Bxb5 36.h4 Ke6
37.h5 d5 38.exd5+ Kxd5 39.Kc2 Rc7 40.Rg8 Rbb7 41.Rf8 Ke6 42.Kd2  1/2-1/2

[Event "Dresden op"]
[Site "Dresden"]
[Date "1994.??.??"]
[Round "?"]
[White "Obodchuk, Andrei"]
[Black "Bischoff, Klaus"]
[Result "1/2-1/2"]
[WhiteElo "2440"]
[BlackElo "2525"]

1.d4 Nf6 2.c4 e6 3.Nf3 b6 4.a3 Ba6 5.Qc2 Bb7 6.Nc3 c5 7.e4 cxd4 8.Nxd4 Nc6
9.Nxc6 Bxc6 10.Bf4 Nh5 11.Be3 Qb8 12.O-O-O Nf6 13.Be2 Bd6 14.g4 Bf4 15.Qd2 g5
16.f3 h5 17.h4 Bxe3 18.Qxe3 Qf4 19.Qxf4 gxf4 20.e5 Nh7 21.Rd4 Nf8 22.Ne4 Bxe4
23.Rxe4 Ng6 24.g5 Ke7 25.Bd3 Rhc8 26.Re2 b5 27.Bxg6 fxg6 28.Re4 Rxc4+ 29.Rxc4 bxc4
30.Rd1 Rb8 31.Rd4 Rb3 32.Rxf4 c3 33.bxc3 Rxc3+ 34.Kd2 Rxa3 35.Rf6 Ra4  1/2-1/2

[Event "Elenite-B"]
[Site "Elenite"]
[Date "1994.??.??"]
[Round "8"]
[White "Sakaev, Konstantin"]
[Black "Delchev, Aleksander"]
[Result "1/2-1/2"]
[WhiteElo "2555"]
[BlackElo "2490"]

1.d4 Nf6 2.c4 e6 3.Nf3 b6 4.a3 Bb7 5.Nc3 d5 6.Qc2 dxc4 7.e4 c5 8.dxc5 Bxc5
9.Bxc4 Nc6 10.Bf4 Ng4 11.Bg3 Qf6 12.Bb5 O-O 13.Bxc6 Bxc6 14.O-O Qh6 15.Na4 f5
16.Nxc5 bxc5 17.Ne5 Nxe5 18.Bxe5 Bxe4 19.Qxc5 Rfc8  1/2-1/2

[Event "Elgoibar"]
[Site "Elgoibar"]
[Date "1994.??.??"]
[Round "?"]
[White "San Segundo, Pablo"]
[Black "Alvarez Ibarra, D Rafael"]
[Result "1/2-1/2"]
[WhiteElo "2470"]
[BlackElo "2435"]

1.d4 Nf6 2.c4 e6 3.Nf3 b6 4.a3 Bb7 5.Nc3 g6 6.Qc2 Bxf3 7.gxf3 Nc6 8.d5 Nd4
9.Qd1 c5 10.dxc6 dxc6 11.Bf4 Bg7 12.Be5 Nf5 13.f4 O-O 14.Qxd8 Rfxd8 15.Bg2 Rac8  1/2-1/2

[Event "RUS-ch"]
[Site "Elista"]
[Date "1994.??.??"]
[Round "1"]
[White "Zakharevich, Igor"]
[Black "Shipov, Sergei"]
[Result "0-1"]
[WhiteElo "2415"]
[BlackElo "2525"]

1.d4 Nf6 2.c4 e6 3.Nf3 b6 4.a3 Bb7 5.Nc3 d5 6.cxd5 Nxd5 7.Qc2 Nxc3 8.bxc3 Be7
9.e4 O-O 10.Bd3 c5 11.O-O Qc8 12.Qe2 Ba6 13.Bf4 Bxd3 14.Qxd3 Nd7 15.e5 Rd8
16.h4 h6 17.Rfd1 Qc6 18.Qe3 b5 19.Nh2 Rac8 20.Qg3 Kh7 21.Ng4 Qe4 22.h5 Nb6
23.dxc5 Rxd1+ 24.Rxd1 Nd5 25.Rd4 Qb1+ 26.Kh2 Rxc5 27.Bd2 Qf5 28.Qh3 Bg5 29.Be1 Bf4+
30.Kg1 Bxe5 31.Nxe5 Qxe5 32.Bd2 Kh8 33.Qg4  0-1

[Event "RUS-ch"]
[Site "Elista"]
[Date "1994.??.??"]
[Round "7"]
[White "Tregubov, Pavel V"]
[Black "Yemelin, Vasily"]
[Result "0-1"]
[WhiteElo "2545"]
[BlackElo "2520"]

1.d4 Nf6 2.Nf3 e6 3.c4 b6 4.a3 Ba6 5.Qc2 Bb7 6.Nc3 c5 7.e4 cxd4 8.Nxd4 d6
9.Be2 Be7 10.O-O O-O 11.Rd1 a6 12.Be3 Nbd7 13.f3 Rc8 14.Rac1 Qc7 15.Bf1 Qb8
16.Qf2 Bd8 17.Kh1 Bc7 18.Qg1 Kh8 19.b4 Rg8 20.b5 Bd8 21.bxa6 Bxa6 22.Ndb5 Rc6
23.Na2 Bxb5 24.cxb5 Rxc1 25.Bxc1 d5 26.exd5 Nxd5 27.Nb4 Nxb4 28.Rxd7 Qc8
29.Rd1 Nd5 30.Bd3 Bf6 31.Be4 Nc3 32.Re1 Nxe4 33.fxe4 Bc3 34.Rd1 Ba5 35.Qd4 Qc2
36.Be3 Qe2 37.a4 h5 38.Bf4 e5 39.Bxe5 Bc3 40.Qg1 Bxe5  0-1

[Event "Peer Gynt"]
[Site "Gausdal"]
[Date "1994.??.??"]
[Round "3"]
[White "Nordahl, Helge"]
[Black "Holmsgaard, Henrik"]
[Result "1-0"]
[WhiteElo "2245"]
[BlackElo "2270"]

1.d4 Nf6 2.c4 e6 3.Nf3 b6 4.a3 Bb7 5.Nc3 d5 6.cxd5 Nxd5 7.e3 Be7 8.Bb5+ c6
9.Bd3 O-O 10.O-O Nxc3 11.bxc3 c5 12.Qe2 Qc7 13.e4 Nd7 14.Bb2 Nf6 15.Ne5 Rfe8
16.f4 Nd7 17.Ng4 Bf8 18.Qf2 Rad8 19.Qh4 Be7 20.Qh3 Bf8 21.Rae1 Qc8 22.Bb1 b5
23.f5 e5 24.f6 gxf6 25.dxe5 fxe5 26.Qg3 Bg7 27.Nh6+ Kh8 28.Nxf7+ Kg8 29.Nd6 Qc6
30.Rf7  1-0

[Event "Geneve op"]
[Site "Geneve"]
[Date "1994.??.??"]
[Round "8"]
[White "Khenkin, Igor"]
[Black "Razuvaev, Yuri S"]
[Result "1/2-1/2"]
[WhiteElo "2555"]
[BlackElo "2555"]

1.d4 Nf6 2.c4 e6 3.Nf3 b6 4.a3 Bb7 5.Nc3 d5 6.cxd5 Nxd5 7.e3 Be7 8.Bb5+ c6
9.Bd3 O-O 10.Qc2 h6 11.O-O c5 12.e4 Nxc3 13.bxc3 Qc8 14.Qe2 Ba6 15.Rd1 Bxd3
16.Rxd3 c4 17.Re3 Nd7 18.e5 Qc6 19.Nd2 b5 20.Rg3 g6 21.Ne4 Kg7 22.h4 h5 23.Bg5 Bxg5
24.hxg5 a5 25.Nd6 Nb6 26.Qb2 Nd5 27.Qxb5 Qxb5 28.Nxb5 a4 29.Nd6 Rab8 30.Rf3 Rb3
31.Kh2 Nxc3 32.Rc1 Nd5 33.Rxc4 Rxf3 34.gxf3 Ra8 35.Kg3 Ne7 36.Rc7 Nf5+ 37.Nxf5+ gxf5
38.d5 Kg6 39.f4 exd5 40.Rc6+ Kg7 41.Rd6 Rc8 42.Rxd5 Rc3+ 43.Kh4 Rc4 44.Kxh5 Rxf4
45.Rd7 Rxf2 46.g6 Rh2+ 47.Kg5 Rg2+ 48.Kxf5 Rf2+ 49.Kg5 Rg2+ 50.Kf5 Rf2+ 51.Kg5 Rg2+
52.Kf4 Kxg6 53.Rd6+ Kg7 54.Rd4 Rh2 55.Kg5 Rf2 56.Rxa4 f6+ 57.exf6+ Rxf6 58.Ra5 Rc6
59.Ra7+ Kf8 60.Kf5 Ke8 61.Ke5 Kd8 62.Kd5 Rc3 63.Kd4 Rc7 64.Ra8+ Rc8 65.Ra6 Kc7
66.Kc5 Kb7+ 67.Kb5 Rc5+  1/2-1/2

[Event "Sas van Gent"]
[Site "Gent"]
[Date "1994.??.??"]
[Round "9"]
[White "Goormachtigh, Johan"]
[Black "Lemmers, Oscar"]
[Result "0-1"]
[WhiteElo "2300"]
[BlackElo "2370"]

1.d4 Nf6 2.c4 e6 3.Nf3 b6 4.a3 Ba6 5.Qc2 c5 6.d5 exd5 7.cxd5 Bb7 8.e4 Qe7
9.Bd3 Nxd5 10.O-O Nc7 11.Nc3 Nc6 12.Bg5 f6 13.Bh4 O-O-O 14.Bc4 d6 15.Bd5 g5
16.Bg3 h5 17.h4 g4 18.Nd2 Nxd5 19.Nxd5 Qf7 20.Qa4 f5 21.Qc4 Rh7 22.Nf4 Nd4
23.exf5 Qxf5 24.Rfc1 Kb8 25.Nb3 Nxb3 26.Qxb3 Bh6 27.Rc4 Bc6 28.Rd1 Ka8 29.Qc2 Qxc2
30.Rxc2  0-1

[Event "BL2-S9394"]
[Site "Germany"]
[Date "1994.??.??"]
[Round "?"]
[White "Klebel, Martin"]
[Black "Ploetz, Werner"]
[Result "1-0"]
[WhiteElo "2420"]
[BlackElo "2250"]

1.d4 Nf6 2.c4 e6 3.Nf3 b6 4.a3 Ba6 5.Qc2 Bb7 6.Nc3 c5 7.e4 cxd4 8.Nxd4 Bc5
9.Nb3 Nc6 10.Bg5 h6 11.Bh4 g5 12.Bg3 e5 13.Nb5 Kf8 14.O-O-O Qe7 15.Nxc5 bxc5
16.Nd6 Rb8 17.Nf5 Qe8 18.Rd6 Nh5 19.Qd1 Nf4 20.Bxf4 exf4 21.Qh5 Qe5 22.Rxh6 Rg8
23.Rh7 Nd8 24.Qh6+ Ke8 25.Rg7 Rf8 26.Rxg5 Qc7 27.Nd6+ Ke7 28.e5  1-0

[Event "Oberliga Nord N9394"]
[Site "Germany"]
[Date "1994.??.??"]
[Round "?"]
[White "Lamprecht, Frank"]
[Black "Hochgraefe, Markus"]
[Result "1-0"]
[WhiteElo "2340"]
[BlackElo "2270"]

1.d4 Nf6 2.c4 e6 3.Nf3 b6 4.a3 Bb7 5.Nc3 d5 6.cxd5 Nxd5 7.e3 g6 8.Qa4+ Qd7
9.Bb5 c6 10.Be2 Bg7 11.O-O Nxc3 12.bxc3 c5 13.Qd1 cxd4 14.cxd4 O-O 15.a4 Nc6
16.Bb5 Rfc8 17.Bd2 a6 18.Bd3 e5 19.Rb1 Nxd4 20.Nxd4 exd4 21.Rxb6 dxe3 22.Bxe3 Qd5
23.Qg4 h5 24.Qg5 Qxd3 25.Rxb7 Rab8 26.Qe7 Rxb7 27.Qxb7 Rc2 28.a5 Be5 29.g3 Kg7
30.Qf3 Ra2 31.Bh6+  1-0

[Event "Graz op"]
[Site "Graz"]
[Date "1994.??.??"]
[Round "3"]
[White "Liedl, Wolfgang"]
[Black "Markowski, Tomasz"]
[Result "1/2-1/2"]
[WhiteElo "2230"]
[BlackElo "2475"]

1.d4 Nf6 2.c4 e6 3.Nf3 b6 4.a3 Bb7 5.Nc3 d5 6.cxd5 Nxd5 7.Qc2 Nxc3 8.Qxc3 h6
9.g3 Nd7 10.Bg2 Be7 11.O-O O-O 12.Qd3 Nf6 13.Ne5 Bxg2 14.Kxg2 Qd5+ 15.Nf3 c5
16.dxc5 Qxd3 17.exd3 Bxc5 18.Be3 Bd6 19.Rac1 Rac8 20.Rc4 Nd5 21.Rfc1 Rcd8
22.Kf1 f6 23.Ke2 Kf7 24.R1c2 Rd7 25.Rc8 Rxc8 26.Rxc8 Rc7 27.Rxc7+ Bxc7 28.a4 a6
29.Kd2 h5 30.b3 g5 31.h4 g4 32.Nd4 Bd6 33.Nc2 Ke7 34.Bd4 f5 35.Ne3 Nxe3 36.Bxe3 Bb4+
37.Ke2 b5 38.axb5 axb5 39.Bf4 Kd7 40.d4 Kc6 41.Kd3 Kd5 42.Be5 Be7 43.Ke3 Bf8
44.Kd3 Bh6 45.Bf6 f4 46.Be5 f3 47.Bf6 Bf8 48.Be5 Bb4 49.Ke3 Kc6 50.Kd3 Kb6
51.Bf4 Kc6 52.Be5 Be1 53.Ke3 Kd5 54.Bf6  1/2-1/2

[Event "Groningen op"]
[Site "Groningen"]
[Date "1994.??.??"]
[Round "1"]
[White "Delemarre, Jop"]
[Black "Brodsky, Michail"]
[Result "0-1"]
[WhiteElo "2330"]
[BlackElo "2545"]

1.d4 Nf6 2.c4 e6 3.Nf3 b6 4.a3 c5 5.d5 Ba6 6.Qc2 exd5 7.cxd5 g6 8.Nc3 Bg7
9.g3 O-O 10.Bg2 d6 11.O-O b5 12.Re1 Nbd7 13.Bf4 Qb6 14.Bh3 Bc8 15.Nd2 Nh5
16.Be3 Ne5 17.Bxc8 Raxc8 18.h3 f5 19.f4 Nc4 20.Bf2 Nxd2 21.Qxd2 Bxc3 22.Qxc3 Nf6
23.Qf3 Qb7 24.Red1 Ne4 25.Rac1 a5 26.Kh2 Nxf2 27.Qxf2 Rfe8 28.Rd2 Re4 29.Rg1 Qe7
30.Rg2 Re8 31.Qg1 Rc4 32.Qe1 Qe3 33.Qd1 a4 34.Qe1 b4 35.axb4 cxb4 36.Qd1 b3
37.Rg1 Qxd2 38.Qxd2 Rc2 39.Qa5 Rexe2+ 40.Rg2 Rxg2+ 41.Kh1 Rge2  0-1